00473 2200181 4500001002100000005001500021008004100036020001800077035001900095041000700114082001000121090001600131100002600147245004600173260003400219300002300253650001500276INLIS00000000001294620241224114448241224||||||||| | ||| |||| || |  a979-3304-34-0 0010-1224012946 aid0 a340.2 a340.2 MAN c0 aDikdik M.Arief Mansur00aCYBER LAW Aspek Hukum Teknologi Informasi aBandungbRefika Aditamac2009 axii+196hlm;16x24cm 0ailmu hukum